Restructuración de las ciencias: hacia un nuevo paradigma /

Guardado en:
Bibliografiske detaljer
Hovedforfatter: González Casanova, Pablo
Format: Texto
Fag:
Tags: Tilføj Tag
Ingen Tags, Vær først til at tagge denne postø!

MARC

LEADER 00000 a a2200000 04500
001 18950
003
040
100 |a González Casanova, Pablo  
245 |a Restructuración de las ciencias:   |b hacia un nuevo paradigma /  |c Pablo González Casanova 
650 |a CIENCIAS SOCIALES  
650 |a ANALISIS SOCIOLOGICO  
650 |a ASPECTOS POLITICOS  
650 |a TEORIA SOCIAL  
650 |a CAMBIO SOCIAL  
650 |a SOCIOLOGIA  
650 |a SISTEMA SOCIAL  
650 |a IDEOLOGIAS  
650 |a MOVIMIENTOS SOCIALES  
650 |a CONF  
773 |g número 82 -83; páginas 267-285  
999 |c 31535  |d 31535